000
00283nam a22001217a 4500
082
_a
320.95491 RAF'P
100
_a
RAFI, ANWAR MUHAMMAD
_9
80267
245
_a
PRESIDENTIAL GOVERNMENT IN PAKISTAN
250
_a
3RD
260
_a
LAHORE
_b
CARAVAN
_c
1967
300
_a
342P
942
_c
BK
999
_c
585213
_d
585213